Njai Sumur Bandung. (Record no. 86928)

MARC details
000 -LEADER
fixed length control field 00587cam a22002291a 4500
001 - CONTROL NUMBER
control field sa 68016135
003 - CONTROL NUMBER IDENTIFIER
control field DLC
005 - DATE AND TIME OF LATEST TRANSACTION
control field 20260227112652.0
008 - FIXED-LENGTH DATA ELEMENTS--GENERAL INFORMATION
fixed length control field 950420s1966 io 000 1 ind
010 ## - LIBRARY OF CONGRESS CONTROL NUMBER
LC control number sa 68016135
025 ## - OVERSEAS ACQUISITION NUMBER
Overseas acquisition number PL480:Indo-4853
035 ## - SYSTEM CONTROL NUMBER
System control number (OCoLC)32341959
040 ## - CATALOGING SOURCE
Original cataloging agency DLC
Transcribing agency WU
Modifying agency DLC
042 ## - AUTHENTICATION CODE
Authentication code premarc
050 00 - LIBRARY OF CONGRESS CALL NUMBER
Classification number PL5089.W554
Item number N5
100 1# - MAIN ENTRY--PERSONAL NAME
Personal name Wirasutisna, Haksan,
Dates associated with a name 1915-
245 10 - TITLE STATEMENT
Title Njai Sumur Bandung.
260 ## - PUBLICATION, DISTRIBUTION, ETC.
Place of publication, distribution, etc. Djakarta :
Name of publisher, distributor, etc. Balai Pustaka,
Date of publication, distribution, etc. 1966.
300 ## - PHYSICAL DESCRIPTION
Extent 16 p. ;
Dimensions 19 cm.
490 1# - SERIES STATEMENT
Series statement Seri batjaan remadja
830 #0 - SERIES ADDED ENTRY--UNIFORM TITLE
Uniform title Batjaan remadja

No items available.

Powered by Koha